Hoạch định chiến lược kinh doanh
Saved in:
| Main Author: | |
|---|---|
| Format: | Book |
| Language: | Undetermined |
| Published: |
H.
Bưu Điện
2002
|
| Subjects: | |
| Tags: |
Add Tag
No Tags, Be the first to tag this record!
|
| Institutions: | Trung tâm Học liệu Trường Đại học Cần Thơ |
|---|
| LEADER | 00523nam a2200181Ia 4500 | ||
|---|---|---|---|
| 001 | CTU_53727 | ||
| 008 | 210402s9999 xx 000 0 und d | ||
| 020 | |b 16800 | ||
| 082 | |a 658.4012 | ||
| 082 | |b H103 | ||
| 100 | |a Nguyễn Thanh Hải | ||
| 245 | 0 | |a Hoạch định chiến lược kinh doanh | |
| 245 | 0 | |c Nguyễn Thanh Hải | |
| 260 | |a H. | ||
| 260 | |b Bưu Điện | ||
| 260 | |c 2002 | ||
| 650 | |a strategic planning,industrial management | ||
| 980 | |a Trung tâm Học liệu Trường Đại học Cần Thơ | ||